| Tag |
First Indicator |
Second Indicator |
Subfields |
| LEADER |
00000cam a2200000 a 4500 |
| 001 |
in00000024059 |
| 005 |
20151007055628.0 |
| 008 |
870209s1987 njuabf b 00000 eng |
| 010 |
|
|
|a 87002405
|
| 020 |
|
|
|a 0910413215 :
|c $95.00
|
| 035 |
|
|
|a (OCoLC)15251785
|
| 035 |
|
|
|9 AAB8761AM
|
| 040 |
|
|
|a DLC
|c DLC
|d TXA
|d UtOrBLW
|
| 043 |
|
|
|a f-ua---
|
| 049 |
|
|
|a TXAM
|c [A10936983]
|
| 050 |
0 |
0 |
|a DT60
|b .M59 1987
|
| 082 |
0 |
|
|a 932
|2 19
|
| 245 |
0 |
0 |
|a Monuments of Egypt :
|b the Napoleonic edition : the complete archaeological plates from la Description de l'Egypte /
|c edited with introduction and notes by Charles Coulston Gillispie and Michel Dewachter.
|
| 264 |
|
1 |
|a Princeton, NJ :
|b Princeton Architectural Press in association with the Architectural League of New York, the J. Paul Getty Trust,
|c [1987]
|
| 264 |
|
4 |
|c ©1987
|
| 300 |
|
|
|a 45 pages, 525 unnumbered pages of plates (some folded) :
|b illustrations (some color), 1 map ;
|c 32 cm.
|
| 336 |
|
|
|a text
|b txt
|2 rdacontent
|
| 337 |
|
|
|a unmediated
|b n
|2 rdamedia
|
| 338 |
|
|
|a volume
|b nc
|2 rdacarrier
|
| 504 |
|
|
|a Includes bibliography.
|
| 500 |
|
|
|a Folded map in pocket.
|
| 651 |
|
0 |
|a Egypt
|x Antiquities
|v Pictorial works.
|
| 650 |
|
0 |
|a Monuments
|z Egypt
|x Pictorial works.
|
| 650 |
|
0 |
|a Architecture
|z Egypt
|x Pictorial works.
|
| 700 |
1 |
|
|a Gillispie, Charles Coultson.
|
| 700 |
1 |
|
|a Dewachter, Michel.
|
| 730 |
0 |
|
|a Description de l'Egypte.
|
| 999 |
|
|
|a MARS
|
| 999 |
f |
f |
|s c7e57c5f-662d-3651-9d60-cbbc8e28b331
|i c4ce0e58-56bc-3321-abaf-3164c44449fe
|t 0
|
| 952 |
f |
f |
|p ric
|a Texas A&M University
|b Rellis Campus
|c Joint Library Facility
|d Remote Storage
|t 0
|e DT60 .M59 1987
|h Library of Congress classification
|i unmediated -- volume
|m A14810936983
|
| 998 |
f |
f |
|a DT60 .M59 1987
|t 0
|l Remote Storage
|